000 00768cab a2200217 4500
001 WB2545-05
008 090401t1989 xxu||||| |||| 00| 0 eng d
035 _a(Sirsi) u77344
041 _aeng
245 _aCode to halt Legionnaire`s disease
260 _c1989
350 _a0
490 _aConstruction News
_vno 6137 9/11/89 p3
490 _aHSC News Release
_v9 November 1989 3 pages (5)
520 _aA draft code of practice for water-cooled air conditioning systems has been published by the Health and Safety Commission in an attempt to eliminate future outbreaks of Legionnaire`s disease .
650 _aHEALTH AND SAFETY AT WORK ETC ACT 1974
650 _aLEGIONNAIRES' DISEASE
690 _aBUILT ENVIRONMENT
942 _n0
948 _c04/03/1997
999 _c48628
_d48628